Autour des spectacles et émissions des Enfoirés - Statistiques

Statistiques générales
  • Ce quiz a été pris 32 fois
  • Le résultat moyen est 82 sur 175
Statistiques - réponses
Hint Réponse % Correct
Les enfoirés du monde du spectacle (nom ou surnom uniquement) Citez un chanteur Adamo | Amir | Ar Braz | Aubert | Aufray | Aznavour | Bauer | Bécaud | Bénabar | Black M | Brillant | Bruel | Cabrel | Calogero | Capéo | Clerc | Cocciante | Corneille | Daho | Dave | De Palmas | Doc Gynéco | Dutronc | Eicher | Faudel | Fiori | François | Frérot | Fugain | Garou | Girac | Goldman | Grégoire | Hallyday | Hantson | Jones | Juvet | Khaled | Kingsbery | Lama | Lanty | Lavil | Lavoine | Le Forestier | Levi | Luce | Maé | Maunier | MC Solaar | Mika | Mitchell | Moire | Montand | Obispo | Pagny | Personne | Pokora | Raphaël | Reggiani | Renaud | Rivers | Roussel | Sardou | Simon | Slimane | Soprano | Souchon | Tonton David | Veneruso | Vianney | Voisine | Voulzy | Willem | Ycare
92%
Les enfoirés du monde du spectacle (nom ou surnom uniquement) Citez une chanteuse Adams | Alizée | Anggun | Arena | Badi | Bent | Béroard | Birkin | Boulay | Bruni | Cordy | Dion | Dufresne | Essaïdi | Fabian | Foly | Fredericks | Gawlo | Jenifer | Jordana | Kaas | Laâm | Lara | Lavrey | Leroy | Louane | Lunghini | Maëlle | Mathieu | Maurane | Mentissa | Mouskouri | Nadiya | Nin | Noguerra | Paradis | Pester | Princess Erika | Rebecca | Red | Sanson | Santa | Ségara | Shy'm | Sila | St-Pier | Tal | Vitaa | Zaz | Zazie | Zenatti
92%
Les enfoirés du monde du spectacle (nom ou surnom uniquement) Citez un humoriste Baffie | Bentalha | Bigard | Bourdon | Campan | Canteloup | Coluche | Dieudonné | Elmaleh | Kakou | Leeb | Legitimus | Norman | Palmade | Panacloc | Semoun | Titoff
92%
Les enfoirés du monde du spectacle (nom ou surnom uniquement) Citez un acteur Abittan | Anconina | Berry | Blanc | Boon | Boudali | Brialy | Chabat | Chesnais | Colucci | Damiens | Darmon | Delon | Diefenthal | Ducret | Farrugia | Gall | Garcia | Jugnot | Kiberlain | Lacheau | Lamotte | Lhermitte | Luchini | Merad | Reno | Smaïn | Timsit | Youn
88%
Les hymnes 2007 - J. Ferrat Aimer à {perdre} la raison
88%
Les hymnes 2000 - JJ Goldman Au bout de mes {rêves}
88%
Les enfoirés du monde du spectacle (nom ou surnom uniquement) Citez une actrice Ardant | Balasko | Baye | Béart | Bohringer | Bouquet | Cellier | Dombasle | Deneuve | Fontan | Gainsbourg | Jonathan | Keim | Lauby | Lemercier | Marceau | Mathy | Nadeau | Nanty | Pol | Tagbo | Taglioni
88%
Les groupes ayant participé aux Enfoirés 2002 {Emile} et images
88%
Les interprètes originaux les plus repris (reprises partielles de chansons dans un pot-pourri) nom seul ou pseudonyme 9 fois Goldman | Souchon | Bruel | Lavoine | Dassin
88%
Les hymnes 1996 - Hair Laissons entrer le {soleil}
88%
Nom des spectacles 2019 Le {Monde} des Enfoirés
88%
Quelques chiffres Qui a été la marraine du plus grand nombre d'éditions (16 en 2024) Mimie {Mathy}
88%
Les hymnes 2011 - Indochine (adaptation) On demande pas la {lune}
88%
Les hymnes 1995 - M. Polnareff On ira tous au {paradis}
88%
Quelques chiffres Qui a participé au plus grand nombre de concerts (32 en 2024) Patrick {Bruel}
88%
Les hymnes 2004 - D. Balavoine Tous les {cris} les S.O.S.
88%
Les hymnes 1994 - Téléphone Un autre {monde}
88%
Les hymnes 2011 - Ph. Collins (adaptation) Un jour de plus au {Paradis}
88%
Les groupes ayant participé aux Enfoirés 2020 Boulevard des {Airs}
83%
Les hymnes 1999 - Ch. Aznavour {Emmenez}-moi
83%
Les enfoirés du monde du spectacle (nom ou surnom uniquement) Citez un entrepreneur de musique Goldman | Plamondon
83%
Les interprètes originaux les plus repris (reprises intégrales de chansons) nom seul ou pseudonyme 9 fois Goldman | Souchon
83%
Les enfoirés du monde du spectacle (nom ou surnom uniquement) Citez une humoriste Laroque | Reg | Robin
83%
Les hymnes 2001 - L. Voulzy Le pouvoir des {Fleurs}
83%
Nom des spectacles 2022 Un {air} d'Enfoirés
83%
Les hymnes 2013 - JJ Goldman {Attention} au départ
79%
Les enfoirés sportifs ET leur discipline (nom ou surnom uniquement) Citez un footballeur Barthez | Benzema | Blanc | Boghossian | Boli | Cantona | Coupet | Deschamps | Dugarry | Griezmann | Gomis | Henry | Ibrahinovic | Jacquet | Karembeu | Leboeuf | Lizarazu | Lloris | Mbappé | Petit | Platini | Ribéry | Roux | Thuram | Zidane
79%
Les hymnes 1998 - F. Pagny Bienvenue chez {moi}
79%
Les Enfoirés décédés (prénom et nom) C / 1944-1986 Coluche
79%
Les Enfoirés décédés (prénom et nom) JH / 1943-2017 Johnny Hallyday
79%
Emissions consacrées aux Restos 1986 La Une, {Coluche} et les restaurants du coeur
79%
Nom des spectacles 2012 Le {Bal} des Enfoirés
79%
Les hymnes 1997 - D. Balavoine Sauver l'{amour}
79%
Les hymnes 2020 - Boulevard des Airs & Tibz A côté de {toi}
75%
Lieux des spectacles (hors émissions tv) 2001/2006/2012/2021/2023 Halle Tony {Garnier} Lyon
75%
Les hymnes 1989 - JJ Goldman & Coluche La {Chanson} des Enfoirés
75%
Les hymnes 1993 - Starmania Le monde est {Stone}
75%
Lieux des spectacles (hors émissions tv) 1992 Opéra {Garnier} Paris
75%
Les enfoirés sportifs ET leur discipline (nom ou surnom uniquement) Citez un basketteur Parker
75%
Les enfoirés du monde du spectacle (nom ou surnom uniquement) Citez un spationaute Pesquet
75%
Les hymnes 2010 - Grégoire Ta {main}
75%
Les hymnes 1992 - G. Brassens Chanson pour l'{Auvergnat}
71%
Les hymnes 2006 - A. Chamfort Le temps qui {court}
71%
Les interprètes originaux les plus repris (reprises intégrales de chansons) nom seul ou pseudonyme 6 fois Clerc | Voulzy | Téléphone | Sardou | Farmer
67%
Les enfoirés sportifs ET leur discipline (nom ou surnom uniquement) Citez un judoka Douillet
67%
Les enfoirés sportifs ET leur discipline (nom ou surnom uniquement) Citez un joueur de rugby Dupont
67%
Nom des spectacles 2023 Enfoirés un jour, {toujours}
67%
Les interprètes originaux les plus repris (reprises intégrales de chansons) nom seul ou pseudonyme 21 fois Hallyday
67%
Les interprètes originaux les plus repris (reprises partielles de chansons dans un pot-pourri) nom seul ou pseudonyme 29 fois Hallyday
67%
Les hymnes 2009 - JJ Goldman (adaptation) {Ici} les Enfoirés
67%
Les hymnes 2018 - Soprano On fait le {show}
67%
Les Enfoirés décédés (prénom et nom) PD / 1959-2021 Patrick Dupont
67%
Les groupes ayant participé aux Enfoirés 1994-1997 Pow-{woW}
67%
Les hymnes 2008 - Gold Ville de {Lumière}
63%
Emissions consacrées aux Restos 1986 A la folie, pas du {tout} spéciale les Restaurants du Coeur
58%
Les interprètes originaux les plus repris (reprises intégrales de chansons) nom seul ou pseudonyme 5 fois Brel | Zazie | Kaas
58%
Les interprètes originaux les plus repris (reprises partielles de chansons dans un pot-pourri) nom seul ou pseudonyme 8 fois Cabrel | Gall | Renaud
58%
Les enfoirés du monde du spectacle (nom ou surnom uniquement) Citez un danseur Chaillet | Demol | Dupond | Généreux | Moreau | Vu-An
58%
Les hymnes 2017 - Grégoire & MC Solaar {Juste} une p'tite chanson
58%
Nom des spectacles 1996 La soirée des {Enfoirés}
58%
Nom des spectacles 2020 Le {Pari}(s) des Enfoirés
58%
Emissions consacrées aux Restos 2019 Les {Enfoirés} jouent le jeu (30 ans d'Enfoirés)
58%
Les enfoirés sportifs ET leur discipline (nom ou surnom uniquement) Citez un pilote Loeb | Ocon
58%
Les interprètes originaux les plus repris (reprises partielles de chansons dans un pot-pourri) nom seul ou pseudonyme 6 fois Voulzy | Aznavour
58%
Les enfoirés sportifs ET leur discipline (nom ou surnom uniquement) Citez un nageur Agnel | Bernard | Gilot | Lacourt | Leveaux
54%
Les interprètes originaux les plus repris (reprises intégrales de chansons) nom seul ou pseudonyme 14 fois Balavoine
54%
Les interprètes originaux les plus repris (reprises partielles de chansons dans un pot-pourri) nom seul ou pseudonyme 7 fois Balavoine | Delpech | Vartan
54%
Les interprètes originaux les plus repris (reprises partielles de chansons dans un pot-pourri) nom seul ou pseudonyme 5 fois Brel | Aubert
54%
Les interprètes originaux les plus repris (reprises intégrales de chansons) nom seul ou pseudonyme 10 fois Cabrel | Gall
54%
Les Enfoirés décédés (prénom et nom) CA / 1924-2018 Charles Aznavour
54%
Les enfoirés du monde du spectacle (nom ou surnom uniquement) Citez une danseuse Francisci | Frye | Gillot | Louvet
54%
Nom des spectacles 2004 Les Enfoirés dans l'{espace}
54%
Les Enfoirés décédés (prénom et nom) M / 1960-2018 Maurane
54%
Les hymnes 2015 - JJ Goldman Toute la {vie}
54%
Lieux des spectacles (hors émissions tv) 1989/1997/1998/1999/2000 Zénith de {Paris}
54%
Nom des spectacles 2013 La boîte à {musique} des Enfoirés
50%
Nom des spectacles 2009 Les Enfoirés font leur {cinéma}
50%
Nom des spectacles 2018 {Musique} !
50%
Nom des spectacles 2024 On a {35} ans !
50%
Les hymnes 2010 - JJ Goldman & Bénabar (adaptation) Si l'on s'{aimait} si
50%
Les hymnes 2005 - F. Cabrel Tout le monde y {pense}
50%
Quelques chiffres Quelle femme a participé au plus grand nombre de concerts (28 en 2024) {Zazie}
50%
Les hymnes 2012 - JJ Goldman & Grégoire Encore un autre {hiver}
46%
Les Enfoirés décédés (prénom et nom) FG / 1947-2018 France Gall
46%
Emissions consacrées aux Restos 1990 Les {Restos} du coeur
46%
Les hymnes 2004 - G. Blanc Un autre {histoire}
46%
Nom des spectacles 2011 Dans l'{oeil} des Enfoirés
42%
Nom des spectacles 2015 Sur la {route} des Enfoirés
42%
Lieux des spectacles (hors émissions tv) 2003 Zénith de {Lille}
42%
Lieux des spectacles (hors émissions tv) 2004/2017 Zénith de {Toulouse}
42%
Nom des spectacles 2001 2001, l'{Odyssée} des Enfoirés
38%
Nom des spectacles 2016 Au {rendez-vous} des Enfoirés
38%
Les enfoirés du monde du spectacle (nom ou surnom uniquement) Citez une mannequin Belluci | Casta | De Jesus Cosio | Lefébure | Mulder | Winter
38%
Nom des spectacles 2014 Bon {anniversaire} les Enfoirés
38%
Les hymnes 2022 - J. Veneruso Il y aura toujours un {rendez-vous}
38%
Nom des spectacles 2021 Les Enfoires à {côté} de vous
38%
Nom des spectacles 2000 Les Enfoirés en {2000}
38%
Emissions consacrées aux Restos 2005 Les Enfoirés jouent le {jeu} (15 ans d'Enfoirés)
38%
Les groupes ayant participé aux Enfoirés 2019 Les {Inconnus}
38%
Nom des spectacles 2005 Le {Train} des Enfoirés
38%
Nom des spectacles 1997 Le {Zénith} des Enfoirés
38%
Les hymnes 2019 - Vianney On {trace}
38%
Nom des spectacles 2002 Tous dans le même {bateau}
38%
Les Enfoirés décédés (prénom et nom) YM / 1921-1991 Yves Montand
38%
Lieux des spectacles (hors émissions tv) 2008/2014/2018 Zénith de {Strasbourg}
38%
Quelques chiffres Le plus de personnalités participantes (5) en quelle année ? 1986
33%
Quelques chiffres La plus mauvaise audience en % de part d'audience a été obtenue en 1995
33%
Quelques chiffres Le plus de personnalités participantes (56) en quelle année ? 1999
33%
Quelques chiffres La meilleure audience en % de part d'audience a été obtenue en 2009
33%
Les hymnes 2000 - F. Pagny {Chanter}
33%
Les enfoirés du monde du spectacle (nom ou surnom uniquement) Citez un imitateur / une imitatrice Dicaire | Lecoq | Sébastien
33%
Les Enfoirés décédés (prénom et nom) EK / 1960-1999 Elie Kakou
33%
Les Enfoirés décédés (prénom et nom) GB / 1927-2001 Gilbert Bécaud
33%
Les Enfoirés décédés (prénom et nom) JdO / 1925-2017 Jean d'Ormesson
33%
Les hymnes 2014 - JJ Goldman & F. Chateau La chanson du {bénévole}
33%
Les hymnes 2008 - F. Hardy L'{Amitié}
33%
Nom des spectacles 1992 La {soirée} des Enfoirés à l'opéra
33%
Les hymnes 2016 - Marc Lavoine (adaptation) {Liberté}
33%
Les interprètes originaux les plus repris (reprises partielles de chansons dans un pot-pourri) nom seul ou pseudonyme 11 fois Sardou | François
33%
Emissions consacrées aux Restos 1988 Une {soirée} pour les Restos
33%
Les Enfoirés décédés (prénom et nom) CF / 1952-2001 Carole Fredericks
29%
Les hymnes 2024 - Ycare, P. Bruel & M. Mendès Jusqu'au {dernier}
29%
Nom des spectacles 2007 La {Caravane} des Enfoirés
29%
Lieux des spectacles (hors émissions tv) 2002 Le {Dôme} Marseille
29%
Lieux des spectacles (hors émissions tv) 2017 Arena du pays d'{Aix} Aix-en-Provence
25%
Les enfoirés du monde du spectacle (nom ou surnom uniquement) Citez un instrumentiste Capuçon | Milteau
25%
Les interprètes originaux les plus repris (reprises partielles de chansons dans un pot-pourri) nom seul ou pseudonyme 14 fois Clerc | Polnareff
25%
Nom des spectacles 1999 Dernière {édition} avant l'an 2000
25%
Les enfoirés du monde du spectacle (nom ou surnom uniquement) Citez un écrivain D'Ormesson
25%
Les groupes ayant participé aux Enfoirés 1997 I {Muvrini}
25%
Nom des spectacles 2003 La {Foire} aux Enfoirés
25%
Nom des spectacles 1993 Les Enfoirés chantent {Starmania}
25%
Les groupes ayant participé aux Enfoirés 1996-1997 Les {Innocents}
25%
Nom des spectacles 2008 Les {Secrets} des Enfoirés
25%
Lieux des spectacles (hors émissions tv) 2005/2009/2013/2016/2020 Palais {omnisports} de Paris-Bercy
25%
Les hymnes 2003 - R. Lévesque Quand les {hommes} vivront d'amour
25%
Les hymnes 1997 - L. Voulzy {Rockcollection}
25%
Lieux des spectacles (hors émissions tv) 2007 Zénith de {Nantes}
25%
Lieux des spectacles (hors émissions tv) 2011/2015/2022 {Arena} de Montpellier
21%
Les enfoirés du monde du spectacle (nom ou surnom uniquement) Citez un animateur / une animatrice Drucker | Gildas
21%
Nom des spectacles 1998 Enfoirés en {coeur}
21%
Les Enfoirés décédés (prénom et nom) JB / 1946-2023 Jane Birkin
21%
Lieux des spectacles (hors émissions tv) 1994 Le {Grand Rex} Paris
21%
Nom des spectacles 1994 Les Enfoirés au {Grand Rex}
21%
Nom des spectacles 2006 Le {Village} des Enfoirés
21%
Nom des spectacles 2017 {Mission} Enfoirés
21%
Lieux des spectacles (hors émissions tv) 2010 Palais {Nikaia} Nice
21%
Les interprètes originaux les plus repris (reprises intégrales de chansons) nom seul ou pseudonyme 7 fois Renaud
21%
Lieux des spectacles (hors émissions tv) 1995 Théâtre de l'{opéra}-comique Paris
21%
Nom des spectacles 1989 {Tournée} d'enfoirés
21%
Lieux des spectacles (hors émissions tv) 2019/2024 {Arkéa} Arena Bordeaux
17%
Les Enfoirés décédés (prénom et nom) DR / 1945-2019 Dick Rivers
17%
Nom des spectacles 2017 Enfoirés {Kids}
17%
Les Enfoirés décédés (prénom et nom) JCB / 1933-2007 Jean-Claude Brialy
17%
Les groupes ayant participé aux Enfoirés 1993-1995 Les {Nuls}
17%
Les hymnes 2021 - Slimane {Maintenant}
17%
Les hymnes 2002 - M. Farmer {Rêver}
17%
Les hymnes 2023 - Amir, Nazim Khalde & Nyadjiko {Révons}
17%
Les Enfoirés décédés (prénom et nom) TD / 1967-2021 Tonton David
17%
Les Enfoirés décédés (prénom et nom) DL / 1961-2022 Daniel Lévi
13%
Lieux des spectacles (hors émissions tv) 1993 Grand halle de {La Villette} Paris
13%
Nom des spectacles 1995 Les Enfoirés à l'opéra {comique}
13%
Emissions consacrées aux Restos 2014 Les Enfoirés en {choeur} (25 ans)
13%
Les groupes ayant participé aux Enfoirés 2022 {Offenbach}
13%
Les Enfoirés décédés (prénom et nom) SR / 1922-2004 Serge Reggiani
13%
Les Enfoirés décédés (prénom et nom) AC / 1928-2020 Annie Cordy
8%
Emissions consacrées aux Restos 1990 Coluche : qui dit {mieux}
8%
Les enfoirés sportifs ET leur discipline (nom ou surnom uniquement) Citez un joueur de tennis Déroulède
8%
Emissions consacrées aux Restos 2010 Le {meilleur} des Enfoirés (20 ans)
8%
Emissions consacrées aux Restos 2001 Les Restos du coeur, le {Best of}
8%
Les interprètes originaux les plus repris (reprises intégrales de chansons) nom seul ou pseudonyme 8 fois Mitchell
8%
Les Enfoirés décédés (prénom et nom) PJ / 1950-2021 Patrick Juvet
8%
Les Enfoirés décédés (prénom et nom) CC / 1945-2020 Caroline Cellier
4%
Emissions consacrées aux Restos 1988 {Lahaye} d'honneur aux Restos du Coeur
4%
Lieux des spectacles (hors émissions tv) 1996 Saint-Germain-les-{Arpajon}
4%
Aucun quiz correspondant
Distribution des résultats
% des personnes avec chaque résultat
Percentile par nombre de réponses
Votre historique - résultats
Vous n’avez pas pris ce quiz